<?xml version="1.0" encoding="UTF-8"?>
<collection xmlns="http://www.loc.gov/MARC21/slim">
 <record>
  <leader>00639pamaa2200145   4500</leader>
  <controlfield tag="001">0000021034</controlfield>
  <controlfield tag="005">20070330090000.0</controlfield>
  <datafield tag="020" ind1="0" ind2="0">
   <subfield code="a">9813018992 (hard) </subfield>
  </datafield>
  <datafield tag="090" ind1="0" ind2="0">
   <subfield code="a">G155.P55 </subfield>
   <subfield code="b">PHI 1996</subfield>
  </datafield>
  <datafield tag="245" ind1="0" ind2="4">
   <subfield code="a">The Philippines, a journey through the archipelago : </subfield>
   <subfield code="b">seven days in the Philippines with 35 of the world's finest photographers, October 8th-14th, 1995  </subfield>
   <subfield code="c">early images by Jonathan Best ... [et al.].</subfield>
  </datafield>
  <datafield tag="260" ind1="0" ind2="0">
   <subfield code="a">Singapore: </subfield>
   <subfield code="b">Archipelago Press, </subfield>
   <subfield code="c">c1996.</subfield>
  </datafield>
  <datafield tag="300" ind1=" " ind2=" ">
   <subfield code="a">255 p.: </subfield>
   <subfield code="b">ill. (some col.), col. map; </subfield>
   <subfield code="c">37cm.</subfield>
  </datafield>
  <datafield tag="504" ind1="0" ind2="0">
   <subfield code="a">Includes bibliographical references (p. 250) and index</subfield>
  </datafield>
  <datafield tag="651" ind1="0" ind2="0">
   <subfield code="a">Philippines -- </subfield>
   <subfield code="x">Pictorial works </subfield>
  </datafield>
  <datafield tag="700" ind1="1" ind2="1">
   <subfield code="a">BEST, </subfield>
   <subfield code="h">Jonathan </subfield>
  </datafield>
 </record>
</collection>
